Truckery rhymes / (Record no. 8562)

MARC details
000 -LEADER
fixed length control field 02000cam a2200457 a 4500
001 - CONTROL NUMBER
control field 8562
003 - CONTROL NUMBER IDENTIFIER
control field FISKH
005 - DATE AND TIME OF LATEST TRANSACTION
control field 20260116114618.0
008 - FIXED-LENGTH DATA ELEMENTS--GENERAL INFORMATION
fixed length control field 071030s2009 nyua j 000 0 eng
010 ## - LIBRARY OF CONGRESS CONTROL NUMBER
LC control number 2007037439
020 ## - INTERNATIONAL STANDARD BOOK NUMBER
International Standard Book Number 9781416941354
020 ## - INTERNATIONAL STANDARD BOOK NUMBER
International Standard Book Number 9781416941354
020 ## - INTERNATIONAL STANDARD BOOK NUMBER
International Standard Book Number 1416941355
035 ## - SYSTEM CONTROL NUMBER
System control number 15063754
035 ## - SYSTEM CONTROL NUMBER
System control number (OCoLC)180190738
040 ## - CATALOGING SOURCE
Original cataloging agency DLC
Transcribing agency DLC
Modifying agency BTCTA
-- DLC
Language of cataloging eng
050 00 - LIBRARY OF CONGRESS CALL NUMBER
Classification number PS3569.C5748
Item number B54 2009
082 00 - DEWEY DECIMAL CLASSIFICATION NUMBER
Classification number 811/.54
Edition number 22
100 1# - MAIN ENTRY--PERSONAL NAME
Personal name Scieszka, Jon.
245 10 - TITLE STATEMENT
Title Truckery rhymes /
Statement of responsibility, etc. written by Jon Scieszka ; characters and environments developed by the Design Garage--David Shannon, Loren Long, David Gordon.
260 ## - PUBLICATION, DISTRIBUTION, ETC.
Place of publication, distribution, etc. New York :
Name of publisher, distributor, etc. Simon & Schuster Books for Young Readers,
Date of publication, distribution, etc. 2009.
300 ## - PHYSICAL DESCRIPTION
Extent 57 pages :
Other physical details color illustrations ;
Dimensions 32 cm
490 1# - SERIES STATEMENT
Series statement Jon Scieszka's Trucktown
505 ## - FORMATTED CONTENTS NOTE
Formatted contents note G<br/>
520 ## - SUMMARY, ETC.
Summary, etc. For generations, Trucks have been sharing these beloved tales, rowdy rhymes, and honk-along songs. Finally these classics have been gathered into one big, noisy, high-octane collection! All the favorite truckery rhymes are here, from "Peter Peter Payload Eater" to "Little Dan Dumper", all the way to "Pop! Blows the Diesel."
521 8# - TARGET AUDIENCE NOTE
Target audience note 350<br/>
Source Lexile estimate<br/>
521 8# - TARGET AUDIENCE NOTE
Target audience note G<br/>
Source Raz-Plus<br/>
650 #0 - SUBJECT ADDED ENTRY--TOPICAL TERM
Topical term or geographic name entry element Children's poetry, American.
650 #0 - SUBJECT ADDED ENTRY--TOPICAL TERM
Topical term or geographic name entry element Nursery rhymes, American.
650 #0 - SUBJECT ADDED ENTRY--TOPICAL TERM
Topical term or geographic name entry element Trucks
Form subdivision Juvenile poetry.
655 #7 - INDEX TERM--GENRE/FORM
Genre/form data or focus term Poetry.
Source of term lcgft
Authority record control number or standard number https://id.loc.gov/authorities/genreForms/gf2014026481
700 1# - ADDED ENTRY--PERSONAL NAME
Personal name Gordon, David,
Dates associated with a name 1965 January 22-
Relator term illustrator
700 1# - ADDED ENTRY--PERSONAL NAME
Personal name Shannon, David,
Dates associated with a name 1959-
Relator term illustrator
700 1# - ADDED ENTRY--PERSONAL NAME
Personal name Long, Loren,
Relator term illustrator
830 #0 - SERIES ADDED ENTRY--UNIFORM TITLE
Uniform title Jon Scieszka's Trucktown.
856 42 - ELECTRONIC LOCATION AND ACCESS
Materials specified Contributor biographical information
Uniform Resource Identifier <a href="http://www.loc.gov/catdir/enhancements/fy0902/2007037439-b.html">http://www.loc.gov/catdir/enhancements/fy0902/2007037439-b.html</a>
856 42 - ELECTRONIC LOCATION AND ACCESS
Materials specified Publisher description
Uniform Resource Identifier <a href="http://www.loc.gov/catdir/enhancements/fy0913/2007037439-d.html">http://www.loc.gov/catdir/enhancements/fy0913/2007037439-d.html</a>
906 ## - LOCAL DATA ELEMENT F, LDF (RLIN)
a 7
b cbc
c orignew
d 1
e ecip
f 20
g y-gencatlg
942 ## - ADDED ENTRY ELEMENTS (KOHA)
Source of classification or shelving scheme Dewey Decimal Classification
Koha item type Books
Suppress in OPAC No
Holdings
Withdrawn status Lost status Source of classification or shelving scheme Damaged status Not for loan Collection Home library Current library Shelving location Date acquired Total Checkouts Full call number Barcode Date last seen Copy number Price effective from Koha item type
    Dewey Decimal Classification     Juvenile Fiction Footprints International School Library Network Toul Kork Campus Footprints International School Library Network Toul Kork Campus Librarian's Shelf TK 09/30/2025   SCI 811.54 PS3569.C5748 B54 FISTK01443 09/30/2025 1 09/30/2025 Books
    Dewey Decimal Classification     Juvenile Fiction Footprints International School Library Network Toul Tom Poung Campus Footprints International School Library Network Toul Tom Poung Campus TTP Primary Dark Blue Bookshelves 01/16/2026   SCI 811.54 PS3569.C5748 B54 FIS03293 01/16/2026 2 01/16/2026 Books